• 首页
  • 本馆介绍
  • 公告通知
  • 最新文献
  • 馆藏检索
  • 电子资源
  • 读者导购
  • 参考咨询
  • 我的图书馆
  • 登录
  • 详细信息显示
  • 放入我的书架
  • 预约/预借图书
  • 作者相关作品
  • 分类相关作品
  • 丛书相关作品
  • 出版社相关作品

书目信息

  • 表格格式
  • 工作单格式
  • 卡片格式
题名:
梦想金山
    
 
作者: 许晓辉 著
分册:  
出版信息: 北京   中信出版社  2008.05
页数: 335页
开本: 23cm
丛书名:
单 册:
中图分类: F426.67
科图分类:
主题词: 工业部门经济--中国
电子资源:
ISBN: 978-7-5086-1142-6
000 00675nam0 2200205 450
001 0838323274
005 20081203160431.91
010    @a978-7-5086-1142-6@dCNY42.00
100    @a20081203d2008 km y0chiy0120 ea
101 0  @achi
102    @aCN@b110000
200 1  @a梦想金山@Ameng xiang jin shan@e一个坚持梦想的创业故事@f许晓辉等著@Fxu xiao hui deng zhu
210    @a北京@c中信出版社@d2008.05
215    @a335页@d23cm
517 1  @a一个坚持梦想的创业故事@Ayi ge jian chi meng xiang de chuang ye gu shi
606 0  @a工业部门经济@y中国
690    @aF426.67@v4
701  0 @a许晓辉@Axu xiao hui@4著
801  0 @aCN@b山东省滨州职业学院图书馆@c20081203
905    @aBZT@dF426.67@e1@f5
    
    梦想金山:一个坚持梦想的创业故事/许晓辉等著.-北京:中信出版社,2008.05
    335页;23cm
    
    
    ISBN 978-7-5086-1142-6:CNY42.00
    
●
相关链接 在五车中查询图书 在当当中查询图书 在豆瓣中查询图书


正题名:梦想金山     索取号:F426.67/1         预约/预借

序号 登录号 条形码 馆藏地/架位号 状态 备注
1 0686607   2000686607   样本书库/样006架A面1层3列/ [索取号:F426.67/1] 在馆    
2 0686608   2000686608   中心书库北库/ 北库017架B面4列2层7/ [索取号:F426.67/1] 在馆    
3 0686609   2000686609   中心书库北库/ 北库017架B面4列2层8/ [索取号:F426.67/1] 在馆    
4 0686610   2000686610   中心书库北库/ 北库017架B面4列2层5/ [索取号:F426.67/1] 在馆    
5 0686611   2000686611   中心书库北库/ 北库017架B面4列2层6/ [索取号:F426.67/1] 在馆    
山东省滨州职业学院图书馆 欢迎您!
大连网信软件有限公司© 版权所有